[Event "Avoine op 33rd"]
[Site "Avoine"]
[Date "2018.07.26"]
[Round "6"]
[White "Mancini, Mario"]
[Black "Salgues, Michel"]
[Result "1/2-1/2"]
[WhiteElo "2157"]
[BlackElo "1840"]
[PlyCount "138"]
[EventDate "2018.07.21"]
[EventType "swiss"]
[EventRounds "9"]
[EventCountry "FRA"]
[SourceTitle "CBM 185 Extra"]
[Source "ChessBase"]
[SourceDate "2018.07.29"]
[SourceVersion "1"]
[SourceVersionDate "2018.07.29"]
[SourceQuality "1"]

1. d4 d5 2. c4 Nf6 3. cxd5 Nxd5 4. Nf3 Bf5 5. Qb3 Nb6 6. Nc3 e6 7. e4 Bg6 8. Be3 Be7 9. Be2 0-0 10. 0-0 N8d7 11. Rfd1 a5 12. Ne5 a4 13. Qc2 Nxe5 14. dxe5 Qb8 15. Nb5 Nd5 16. Bc1 c6 17. Nd6 Bxd6 18. exd6 Qxd6 19. Qc4 b5 20. Qd4 e5 21. Qd3 Qe6 22. Bf3 Ne7 23. Be3 Rfe8 24. Bc5 h5 25. Qe2 Rad8 26. Bxh5 Rxd1+ 27. Rxd1 Bxh5 28. Qxh5 Ng6 29. a3 Qc4 30. Be3 Qxe4 31. g3 Qc2 32. Rd2 Qc4 33. Qf5 Qe6 34. Qc2 Ne7 35. Bc5 Nd5 36. h4 f5 37. Re2 f4 38. Qe4 Qh3 39. Qg2 Qxg2+ 40. Kxg2 e4 41. Kh3 f3 42. Re1 Kf7 43. Kg4 g6 44. Bd4 Re6 45. Bc5 Nf6+ 46. Kf4 Nh5+ 47. Ke3 Nf6 48. Kd4 Nd7 49. Bb4 Kf6 50. g4 c5+ 51. Bxc5 Nxc5 52. Kxc5 Ke5 53. h5 gxh5 54. gxh5 Rh6 55. Rh1 e3 56. fxe3 Ke4 57. Kxb5 Kxe3 58. Kxa4 f2 59. b4 Rxh5 60. Rf1 Ke2 61. Rxf2+ Kxf2 62. b5 Ke3 63. b6 Rh1 64. Kb5 Kd4 65. Kc6 Kc4 66. b7 Rh6+ 67. Kc7 Rh7+ 68. Kb8 Rxb7+ 69. Kxb7 Kb3 1/2-1/2

[Event "Sautron op 16th"]
[Site "Sautron"]
[Date "2016.10.26"]
[Round "6.22"]
[White "Le Pen, Steven"]
[Black "Salgues, Michel"]
[Result "1/2-1/2"]
[WhiteElo "2022"]
[BlackElo "1789"]
[PlyCount "56"]
[EventDate "2016.10.22"]
[EventType "swiss"]
[EventRounds "9"]
[EventCountry "FRA"]
[SourceTitle "EXT 2019"]
[Source "ChessBase"]
[SourceDate "2018.10.10"]
[SourceVersion "1"]
[SourceVersionDate "2018.10.10"]
[SourceQuality "1"]

1. e4 c6 2. c4 d5 3. cxd5 cxd5 4. exd5 Qxd5 5. Nc3 Qa5 6. d4 e5 7. dxe5 Qxe5+ 8. Be3 Nc6 9. Nf3 Qb8 10. Qd2 Be6 11. Ng5 Qe5 12. f4 Qd6 13. Qxd6 Bxd6 14. Nxe6 fxe6 15. 0-0-0 Bc7 16. Nb5 Rc8 17. Nxc7+ Rxc7 18. Kb1 Nf6 19. Bc4 Ng4 20. Rhe1 Nxe3 21. Rxe3 e5 22. Bd5 Re7 23. Bxc6+ bxc6 24. fxe5 Kf7 25. Kc2 Rhe8 26. Rde1 Ke6 27. Kc3 Kd5 28. Rd1+ Kc5 1/2-1/2

[Event "Sautron op 16th"]
[Site "Sautron"]
[Date "2016.10.23"]
[Round "2.31"]
[White "Troubat, Alexandre"]
[Black "Salgues, Michel"]
[Result "0-1"]
[WhiteElo "1975"]
[BlackElo "1789"]
[PlyCount "55"]
[EventDate "2016.10.22"]
[EventType "swiss"]
[EventRounds "9"]
[EventCountry "FRA"]
[SourceTitle "EXT 2019"]
[Source "ChessBase"]
[SourceDate "2018.10.10"]
[SourceVersion "1"]
[SourceVersionDate "2018.10.10"]
[SourceQuality "1"]

1. e4 c6 2. d4 d5 3. Nc3 dxe4 4. Nxe4 Nf6 5. Nxf6+ exf6 6. Nf3 Bd6 7. Be2 0-0 8. 0-0 Re8 9. Be3 f5 10. Re1 f4 11. Bd2 Bf5 12. c4 Nd7 13. Bc3 g5 14. c5 Bf8 15. Bc4 Rxe1+ 16. Nxe1 g4 17. Qb3 Bg6 18. Qxb7 g3 19. Qxc6 gxf2+ 20. Kxf2 Nf6 21. Qf3 Ne4+ 22. Kg1 Qh4 23. Nd3 Nxc3 24. bxc3 Re8 25. Qxf4 Qxf4 26. Nxf4 Re3 27. Nxg6 hxg6 28. Rf1 0-1

[Event "Sautron op 16th"]
[Site "Sautron"]
[Date "2016.10.22"]
[Round "4.20"]
[White "Retailleau, Elise"]
[Black "Salgues, Michel"]
[Result "1-0"]
[WhiteElo "2010"]
[BlackElo "1789"]
[PlyCount "31"]
[EventDate "2016.10.22"]
[EventType "swiss"]
[EventRounds "9"]
[EventCountry "FRA"]
[SourceTitle "EXT 2019"]
[Source "ChessBase"]
[SourceDate "2018.10.10"]
[SourceVersion "1"]
[SourceVersionDate "2018.10.10"]
[SourceQuality "1"]

1. e4 e5 2. Nf3 Nc6 3. d4 exd4 4. Nxd4 Bc5 5. Nxc6 dxc6 6. Qxd8+ Kxd8 7. Nc3 f5 8. Bg5+ Ne7 9. 0-0-0+ Ke8 10. Bc4 b5 11. Bb3 b4 12. Na4 Bxf2 13. Rhf1 Bb6 14. Nxb6 axb6 15. exf5 Ra5 16. Rfe1 1-0

[Event "FRA-ch op"]
[Site "Nimes"]
[Date "2014.08.25"]
[Round "8"]
[White "Derige Kane, Yan"]
[Black "Salgues, Michel"]
[Result "0-1"]
[WhiteElo "1661"]
[BlackElo "1793"]
[PlyCount "52"]
[EventDate "2014.08.17"]
[EventType "swiss"]
[EventRounds "11"]
[EventCountry "FRA"]
[SourceTitle "EXT 2015"]
[Source "ChessBase"]
[SourceDate "2014.11.20"]
[SourceVersion "1"]
[SourceVersionDate "2014.11.20"]
[SourceQuality "1"]

1. d4 e6 2. c4 b6 3. Nc3 Bb7 4. e3 Nf6 5. Nf3 Be7 6. Be2 0-0 7. 0-0 Ne4 8. Qc2 f5 9. Nd2 Nxc3 10. Qxc3 Nc6 11. a3 Qe8 12. Bf3 g5 13. e4 g4 14. Be2 Qg6 15. f3 Nxd4 16. Bd3 Bf6 17. Qb4 gxf3 18. Nxf3 fxe4 19. Bb1 Nxf3+ 20. Rxf3 Bd4+ 21. Re3 Rf5 22. Qd2 Raf8 23. Qe1 Bxe3+ 24. Bxe3 Rf1+ 25. Qxf1 Rxf1+ 26. Kxf1 Qf6+ 0-1

[Event "Avoine op 29th"]
[Site "Avoine"]
[Date "2014.07.25"]
[Round "7"]
[White "Micottis, Dorian"]
[Black "Salgues, Michel"]
[Result "0-1"]
[WhiteElo "2108"]
[BlackElo "1739"]
[PlyCount "66"]
[EventDate "2014.07.19"]
[EventType "swiss"]
[EventRounds "9"]
[EventCountry "FRA"]
[SourceTitle "CBM 161 Extra"]
[Source "ChessBase"]
[SourceDate "2014.08.29"]
[SourceVersion "1"]
[SourceVersionDate "2014.08.29"]
[SourceQuality "1"]

1. e4 d6 2. d4 g6 3. Nc3 Bg7 4. Bg5 h6 5. Bh4 Nf6 6. f4 c6 7. Qd2 b5 8. Bd3 b4 9. Nce2 Qb6 10. Nf3 d5 11. e5 Ne4 12. Qe3 Bf5 13. h3 h5 14. Ng5 Nxg5 15. Bxf5 gxf5 16. Bxg5 e6 17. c3 Bf8 18. a3 c5 19. axb4 cxb4 20. Kf2 Nc6 21. Rhc1 Na5 22. cxb4 Bxb4 23. Rc2 Nc4 24. Qd3 a5 25. Rac1 a4 26. Ng3 Kd7 27. Nf1 a3 28. b3 a2 29. Ra1 Ra3 30. Rcxa2 Rxb3 31. Ra7+ Kc6 32. Qd1 Ba3 33. Ra6 Rb2+ 0-1

[Event "Sautron op 13th"]
[Site "Sautron"]
[Date "2013.10.??"]
[Round "2"]
[White "Salgues, Michel"]
[Black "Le Gallo, Frederic"]
[Result "0-1"]
[WhiteElo "1752"]
[BlackElo "1992"]
[PlyCount "48"]
[EventDate "2013.10.26"]
[EventType "swiss"]
[EventRounds "9"]
[EventCountry "FRA"]
[SourceTitle "EXT 2016"]
[Source "ChessBase"]
[SourceDate "2015.10.08"]
[SourceVersion "1"]
[SourceVersionDate "2015.10.08"]
[SourceQuality "1"]

1. e4 c5 2. f4 Nc6 3. Nf3 e6 4. Bb5 Nge7 5. Nc3 a6 6. Be2 g6 7. e5 Bg7 8. Ne4 0-0 9. Nxc5 d6 10. exd6 Qxd6 11. Ne4 Qxf4 12. d3 Qc7 13. c3 b5 14. 0-0 Bb7 15. Nc5 b4 16. Nxb7 Qxb7 17. Bd2 Nd5 18. g4 Qb6+ 19. d4 Nd8 20. Qe1 e5 21. Bd3 Rc8 22. Qh4 e4 23. Ng5 h6 24. Nxf7 Nxf7 0-1

[Event "Sautron op 13th"]
[Site "Sautron"]
[Date "2013.10.??"]
[Round "4"]
[White "Salgues, Michel"]
[Black "Letertre, Arnaud"]
[Result "0-1"]
[WhiteElo "1752"]
[BlackElo "1864"]
[PlyCount "43"]
[EventDate "2013.10.26"]
[EventType "swiss"]
[EventRounds "9"]
[EventCountry "FRA"]
[SourceTitle "EXT 2016"]
[Source "ChessBase"]
[SourceDate "2015.10.08"]
[SourceVersion "1"]
[SourceVersionDate "2015.10.08"]
[SourceQuality "1"]

1. e4 d5 2. e5 c5 3. h3 Nc6 4. Bb5 g6 5. Nf3 Bg7 6. 0-0 Bd7 7. Bxc6 bxc6 8. d3 Nh6 9. g4 f5 10. exf6 exf6 11. Nc3 0-0 12. Bf4 Nf7 13. Na4 Qa5 14. c3 Ne5 15. Nxe5 fxe5 16. Bg3 Rae8 17. f3 Rf7 18. Bf2 Bf8 19. b3 Bc8 20. c4 Bd6 21. Qe1 Qxe1 22. Bxe1 0-1

[Event "FRA-ch op-C"]
[Site "Nimes"]
[Date "2009.08.20"]
[Round "9"]
[White "Heng, Jim"]
[Black "Salgues, Michel"]
[Result "1-0"]
[WhiteElo "1675"]
[BlackElo "1733"]
[PlyCount "46"]
[EventDate "2009.08.11"]
[EventType "swiss"]
[EventRounds "11"]
[EventCountry "FRA"]
[SourceTitle "EXT 2011"]
[Source "ChessBase"]
[SourceDate "2010.11.26"]
[SourceVersion "1"]
[SourceVersionDate "2010.11.26"]
[SourceQuality "1"]

1. e4 e5 2. Nf3 Nc6 3. d4 exd4 4. Nxd4 Bc5 5. Be3 Bxd4 6. Bxd4 Nxd4 7. Qxd4 Nf6 8. Nc3 0-0 9. 0-0-0 d6 10. f4 Qe7 11. Bd3 c5 12. Qe3 d5 13. Qe1 d4 14. Nd5 Nxd5 15. exd5 Qc7 16. Qe5 Qa5 17. Kb1 Bg4 18. Rde1 Bd7 19. Qh5 g6 20. Qh6 Rfe8 21. Qh4 Qd8 22. Qf2 f5 23. g4 c4 1-0

[Event "FRA-ch op-C"]
[Site "Aix les Bains"]
[Date "2007.08.18"]
[Round "5"]
[White "Tramesel, Jacky"]
[Black "Salgues, Michel"]
[Result "0-1"]
[WhiteElo "1780"]
[BlackElo "1711"]
[PlyCount "66"]
[EventDate "2007.08.13"]
[EventType "swiss"]
[EventRounds "11"]
[EventCountry "FRA"]
[SourceTitle "CBM 120 Extra"]
[Source "ChessBase"]
[SourceDate "2007.11.01"]
[SourceVersion "1"]
[SourceVersionDate "2007.11.01"]
[SourceQuality "1"]

1. e4 e5 2. f4 exf4 3. Nf3 Be7 4. Bc4 Bh4+ 5. Kf1 d6 6. d4 Bg4 7. Bxf4 Qf6 8. g3 g5 9. Nc3 gxf4 10. Nd5 Qd8 11. gxh4 b5 12. Bb3 c6 13. Nxf4 Qf6 14. h3 Qxf4 15. hxg4 Nf6 16. Qe2 Nxg4 17. Ke1 Qg3+ 18. Kd2 Nf2 19. Rhf1 Qf4+ 20. Ke1 Nxe4 21. Bxf7+ Kd8 22. Ng5 Qg3+ 23. Kd1 Nxg5 24. hxg5 Qxg5 25. Qe6 Kc7 26. a4 Nd7 27. axb5 Qxb5 28. Kd2 Qb4+ 29. Kd3 Qb7 30. Kc3 a5 31. Rf5 Qb4+ 32. Kd3 d5 33. b3 a4 0-1